NFL Pro Bowl Offensive Guards 2020s - Statistics

General Stats
  • This quiz has been taken 8 times
  • The average score is 34 of 48
Answer Stats
Year Team Player % Correct
2025 Bears Joe Thuney
100%
2024 Chiefs Joe Thuney
100%
2023 Chiefs Joe Thuney
100%
2022 Chiefs Joe Thuney
100%
2025 Colts Quenton Nelson
100%
2024 Colts Quenton Nelson
100%
2023 Colts Quenton Nelson
100%
2022 Colts Quenton Nelson
100%
2021 Colts Quenton Nelson
100%
2020 Colts Quenton Nelson
100%
2023 Browns Wyatt Teller
100%
2022 Browns Wyatt Teller
100%
2021 Browns Wyatt Teller
100%
2023 Cowboys Zack Martin
100%
2022 Cowboys Zack Martin
100%
2021 Cowboys Zack Martin
100%
2025 Falcons Chris Lindstrom
86%
2024 Falcons Chris Lindstrom
86%
2023 Falcons Chris Lindstrom
86%
2022 Falcons Chris Lindstrom
86%
2024 Eagles Landon Dickerson
86%
2023 Eagles Landon Dickerson
86%
2022 Eagles Landon Dickerson
86%
2025 Chiefs Trey Smith
86%
2024 Chiefs Trey Smith
86%
2025 Cowboys Tyler Smith
86%
2024 Cowboys Tyler Smith
86%
2023 Cowboys Tyler Smith
86%
2024 Browns Joel Bitonio
71%
2023 Browns Joel Bitonio
71%
2022 Browns Joel Bitonio
71%
2021 Browns Joel Bitonio
71%
2020 Browns Joel Bitonio
71%
2025 Broncos Quinn Meinerz
71%
2022 Packers Elgton Jenkins
57%
2020 Packers Elgton Jenkins
57%
2024 Panthers Robert Hunt
57%
2024 Steelers Isaac Seumalo
29%
2021 Lions Jonah Jackson
29%
2023 Ravens Kevin Zeitler
29%
2021 Buccaneers Ali Marpet
14%
2021 Commanders Brandon Scherff
14%
2020 Commanders Brandon Scherff
14%
2020 Steelers David DeCastro
14%
2021 49ers Laken Tomlinson
14%
2020 Saints Andrus Peat
0%
2022 Bills Rodger Saffold
0%
2021 Titans Rodger Saffold
0%
No matching quizzes found
Score Distribution
Percent of People with Each Score
Percentile by Number Answered
Your Score History
You have not taken this quiz